[Event "Morava-ch U14"]
[Site "Bystrice nad Pernstejnem"]
[Date "2024.10.30"]
[Round "6"]
[White "Hlinka, Vit"]
[Black "Barteckova, Nikol"]
[Result "1-0"]
[WhiteElo "1104"]
[BlackElo "1501"]
[PlyCount "49"]
[EventDate "2024.10.26"]
[EventType "swiss"]
[EventRounds "9"]
[EventCountry "CZE"]
[SourceTitle "CB45_2024"]
[Source "ChessBase"]
[SourceDate "2024.11.06"]
[SourceVersion "1"]
[SourceVersionDate "2024.11.06"]
[SourceQuality "1"]

1. e4 e6 2. d4 d5 3. exd5 exd5 4. Bd3 Nc6 5. Nf3 Bg4 6. c3 Bd6 7. 0-0 Nge7 8. Re1 Qd7 9. Nbd2 0-0-0 10. b4 g5 11. a4 h5 12. a5 Rdg8 13. b5 Nd8 14. b6 a6 15. Ba3 c6 16. Bxd6 Qxd6 17. h3 Bxf3 18. Qxf3 g4 19. Qe3 Kd7 20. Nb3 Ne6 21. Nc5+ Nxc5 22. dxc5 Qe6 23. Qf4 Qh6 24. Qc7+ Ke8 25. Qxe7# 1-0